[Event "SVK-chT1W 2223"]
[Site "Slovakia"]
[Date "2022.12.03"]
[Round "5.5"]
[White "Nagy, Tomas"]
[Black "Dlhy, Jozef"]
[Result "1/2-1/2"]
[WhiteElo "2230"]
[BlackElo "2048"]
[PlyCount "73"]
[EventDate "2022.10.15"]
[EventType "team-tourn"]
[EventRounds "11"]
[EventCountry "SVK"]
[SourceTitle "EXT 2024"]
[Source "ChessBase"]
[SourceDate "2023.10.10"]
[SourceVersion "1"]
[SourceVersionDate "2023.10.10"]
[SourceQuality "1"]
[WhiteTeam "Levice"]
[BlackTeam "Nitra NSK"]
[WhiteTeamCountry "SVK"]
[BlackTeamCountry "SVK"]

1. Nf3 Nf6 2. g3 d5 3. c4 c5 4. Bg2 Nc6 5. cxd5 Nxd5 6. 0-0 e5 7. Nc3 Ndb4 8. d3 Be7 9. Be3 Bd7 10. a3 Na6 11. Rc1 Nc7 12. Nd2 0-0 13. f4 exf4 14. Bxf4 Ne6 15. Nd5 Rc8 16. Be3 b6 17. Qe1 Ne5 18. h3 Bc6 19. Nf4 Qd7 20. Qf2 Bxg2 21. Qxg2 Rcd8 22. Kh2 Nc7 23. Nc4 Nc6 24. Nd2 Ne5 25. Ne4 Nd5 26. Bd2 f5 27. Nc3 Nf6 28. Qg1 g6 29. Ng2 Kg7 30. Bf4 Nc6 31. Rcd1 Nd5 32. Nxd5 Qxd5 33. Bd2 Bf6 34. Nf4 Qd7 35. Bc3 Bxc3 36. bxc3 Rfe8 37. Qf2 1/2-1/2

[Event "SVK-chT2B 2122"]
[Site "Slovakia"]
[Date "2022.03.06"]
[Round "6.3"]
[White "Dlhy, Jozef"]
[Black "Vadila, Ondrej"]
[Result "1/2-1/2"]
[WhiteElo "2055"]
[BlackElo "2100"]
[PlyCount "162"]
[EventDate "2021.10.16"]
[EventType "team-tourn"]
[EventRounds "11"]
[EventCountry "SVK"]
[SourceTitle "EXT 2023"]
[Source "ChessBase"]
[SourceDate "2022.10.05"]
[SourceVersion "1"]
[SourceVersionDate "2022.10.05"]
[SourceQuality "1"]
[WhiteTeam "Tlmace"]
[BlackTeam "Levice II"]
[WhiteTeamCountry "SVK"]
[BlackTeamCountry "SVK"]

1. d4 Nf6 2. Nf3 c5 3. c3 g6 4. Bf4 Qb6 5. Qb3 d6 6. e3 Nc6 7. Nbd2 Bg7 8. h3 Be6 9. Nc4 Qxb3 10. axb3 0-0 11. Be2 Nd5 12. Bh2 cxd4 13. exd4 Bh6 14. 0-0 Nf4 15. Bxf4 Bxf4 16. b4 d5 17. Ncd2 a5 18. b5 Nb8 19. Bd3 Nd7 20. Rfe1 Rfe8 21. Nb3 b6 22. Nbd2 Kg7 23. Nf1 Bd6 24. Ne3 Nf6 25. Nc2 Rac8 26. Ne5 Nh5 27. Bf1 Nf4 28. Nd3 Nxd3 29. Bxd3 Bd7 30. Ne3 e6 31. g3 f6 32. Kg2 Re7 33. h4 Be8 34. Be2 Bf7 35. Bf3 Ra7 36. Ra4 Be8 37. Be2 Re7 38. Rd1 Rec7 39. Raa1 h6 40. Bg4 Bd7 41. Be2 g5 42. Rh1 Be8 43. Bd3 Bg6 44. Bxg6 Kxg6 45. hxg5 fxg5 46. Rae1 Re7 47. Ng4 h5 48. Ne5+ Bxe5 49. Rxe5 a4 50. Ra1 Ra8 51. Rae1 Kf6 52. f4 gxf4 53. gxf4 a3 54. bxa3 Rxa3 55. R1e3 Rb3 56. f5 Rxb5 57. fxe6 Rb2+ 58. Kh3 h4 59. Rf3+ Kg6 60. Kxh4 Rg2 61. Rg3+ Rxg3 62. Kxg3 Kf6 63. Kf4 Kg6 64. Rxd5 Rxe6 65. Rb5 Kf6 66. Re5 Rc6 67. Re3 b5 68. Rh3 Rc4 69. Ke4 b4 70. cxb4 Rxb4 71. Kd5 Ke7 72. Rh7+ Kd8 73. Kc5 Ra4 74. Rh6 Kd7 75. d5 Ra5+ 76. Kd4 Ra1 77. Rh7+ Kd6 78. Rh6+ Kd7 79. Kc5 Rc1+ 80. Kd4 Rd1+ 81. Ke5 Re1+ 1/2-1/2

[Event "SVK-chT1W 2122"]
[Site "Slovakia"]
[Date "2022.02.13"]
[Round "7.4"]
[White "Rucek, Kristian"]
[Black "Dlhy, Jozef"]
[Result "1/2-1/2"]
[WhiteElo "2132"]
[BlackElo "2055"]
[PlyCount "151"]
[EventDate "2021.11.06"]
[EventType "team-tourn"]
[EventRounds "11"]
[EventCountry "SVK"]
[SourceTitle "EXT 2023"]
[Source "ChessBase"]
[SourceDate "2022.10.05"]
[SourceVersion "1"]
[SourceVersionDate "2022.10.05"]
[SourceQuality "1"]
[WhiteTeam "Dubnica nad Vahom II"]
[BlackTeam "Nitra NSK"]
[WhiteTeamCountry "SVK"]
[BlackTeamCountry "SVK"]

1. d4 d5 2. c4 c6 3. Nc3 Nf6 4. e3 g6 5. Nf3 Bg7 6. Be2 0-0 7. 0-0 Bf5 8. cxd5 cxd5 9. Qb3 Bc8 10. Bd2 Nc6 11. Rfc1 Na5 12. Qd1 Bg4 13. b4 Nc6 14. b5 Nb8 15. h3 Bxf3 16. Bxf3 e6 17. a4 Nbd7 18. a5 Qe7 19. Na2 Rfc8 20. Nb4 Bf8 21. Rxc8 Rxc8 22. a6 Nb6 23. axb7 Qxb7 24. Nc6 Ra8 25. Be2 Ne4 26. Be1 Nd6 27. Rb1 Nbc4 28. Qa4 a6 29. b6 Nxb6 30. Qa5 Qxc6 31. Rxb6 Qc1 32. Bd3 Nc4 33. Rc6 Nxa5 34. Rxc1 Nb7 35. Rb1 Nd6 36. Ra1 Nc4 37. Bxc4 dxc4 38. Ra4 Rc8 39. Bc3 Rc6 40. Kf1 f5 41. Ke2 Kf7 42. Kd2 Bd6 43. Ba5 e5 44. Kc3 exd4+ 45. exd4 Ke6 46. Rxc4 Kd5 47. Rxc6 Kxc6 48. Kc4 Bb8 49. d5+ Kd7 50. Bd2 Ba7 51. f3 Bb6 52. g4 h5 53. gxh5 gxh5 54. Bb4 Bc7 55. Bc5 Bd6 56. Bb6 Be7 57. Ba5 Bd6 58. Bc3 Bb8 59. Bd2 Ba7 60. Bf4 Bb6 61. Be5 Bf2 62. Kb4 Be1+ 63. Kc4 Bf2 64. Bc3 Bb6 65. Bd2 Kd6 66. Bf4+ Kd7 67. Kb4 Ke7 68. Be5 Kd7 69. Kc4 Bf2 70. Bc3 Bb6 71. Be1 Kd6 72. Bg3+ Kd7 73. Kd3 Ke7 74. Be1 Kd6 75. Kc4 Kd7 76. Bd2 1/2-1/2

[Event "SVK-chT2B 2122"]
[Site "Slovakia"]
[Date "2022.02.12"]
[Round "7.2"]
[White "Dlhy, Jozef"]
[Black "Chlpik, Martin"]
[Result "0-1"]
[WhiteElo "2055"]
[BlackElo "2258"]
[PlyCount "54"]
[EventDate "2021.10.16"]
[EventType "team-tourn"]
[EventRounds "11"]
[EventCountry "SVK"]
[SourceTitle "EXT 2023"]
[Source "ChessBase"]
[SourceDate "2022.10.05"]
[SourceVersion "1"]
[SourceVersionDate "2022.10.05"]
[SourceQuality "1"]
[WhiteTeam "Tlmace"]
[BlackTeam "Levice"]
[WhiteTeamCountry "SVK"]
[BlackTeamCountry "SVK"]

1. d4 Nf6 2. Nf3 c5 3. c3 d5 4. Bf4 Nc6 5. e3 Qb6 6. Qc1 cxd4 7. exd4 Bf5 8. Nbd2 Rc8 9. Be2 Nb4 10. 0-0 Bd3 11. Qd1 Qa6 12. Bxd3 Nxd3 13. Be5 Nxb2 14. Qb3 Na4 15. Bxf6 gxf6 16. Qxd5 Nxc3 17. Qf5 Qe6 18. Qd3 Ne2+ 19. Kh1 Nf4 20. Qb5+ Qc6 21. Qf5 Nd5 22. Rfe1 e6 23. Qh5 Bb4 24. Qh6 Rg8 25. Nh4 Rg4 26. Ne4 Bxe1 27. Rxe1 Rxe4 0-1

[Event "SVK-chT2B 1819"]
[Site "Slovakia"]
[Date "2018.12.15"]
[Round "5.3"]
[White "Kovac, Lubomir2222"]
[Black "Dlhy, Jozef"]
[Result "1/2-1/2"]
[WhiteElo "2115"]
[BlackElo "2076"]
[PlyCount "81"]
[EventDate "2018.10.13"]
[EventType "team-tourn"]
[EventRounds "11"]
[EventCountry "SVK"]
[SourceTitle "CBM 189 Extra"]
[Source "ChessBase"]
[SourceDate "2019.06.03"]
[SourceVersion "1"]
[SourceVersionDate "2019.06.03"]
[SourceQuality "1"]
[WhiteTeam "Levice"]
[BlackTeam "Tlmace"]
[WhiteTeamCountry "SVK"]
[BlackTeamCountry "SVK"]

1. d4 Nf6 2. c4 g6 3. Nc3 d5 4. Bf4 Bg7 5. e3 0-0 6. Nf3 c5 7. dxc5 Qa5 8. Rc1 dxc4 9. Bxc4 Qxc5 10. Bb3 Nc6 11. 0-0 Qa5 12. h3 e5 13. Bh2 Bf5 14. Qe2 Rad8 15. Rfd1 h6 16. Nh4 Kh7 17. Rxd8 Qxd8 18. Nxf5 gxf5 19. Rd1 Qc8 20. a3 a6 21. Qc2 Kg8 22. Ba2 Re8 23. Bb1 e4 24. Ne2 Rd8 25. Ba2 Rxd1+ 26. Qxd1 Qd7 27. Qc1 Nh5 28. Bf4 Nxf4 29. Nxf4 Be5 30. b4 Kg7 31. Qc4 b5 32. Qb3 Nd8 33. Nd5 Ne6 34. Qc2 Nc7 35. Nxc7 Qxc7 36. Qxc7 Bxc7 37. Bd5 Be5 38. Bb7 Bb2 39. Bxa6 Bxa3 40. Bxb5 Bxb4 41. Bd7 1/2-1/2

[Event "SVK-chT1W 1617"]
[Site "Slovakia"]
[Date "2017.02.26"]
[Round "9.7"]
[White "Lintner, Igor"]
[Black "Dlhy, Jozef"]
[Result "1/2-1/2"]
[WhiteElo "2241"]
[BlackElo "2073"]
[PlyCount "112"]
[EventDate "2016.10.15"]
[EventType "team-tourn"]
[EventRounds "11"]
[EventCountry "SVK"]
[SourceTitle "EXT 2018"]
[Source "ChessBase"]
[SourceDate "2017.10.13"]
[SourceVersion "1"]
[SourceVersionDate "2017.10.13"]
[SourceQuality "1"]
[WhiteTeam "Bratislava KSN"]
[BlackTeam "Nitra NSK"]
[WhiteTeamCountry "SVK"]
[BlackTeamCountry "SVK"]

1. e4 c6 2. Nc3 d5 3. Nf3 dxe4 4. Nxe4 Nd7 5. Bc4 e6 6. 0-0 Ngf6 7. Neg5 h6 8. Nh3 Qc7 9. d3 Bd6 10. g3 e5 11. Kg2 0-0 12. Nd2 Nb6 13. Bb3 Re8 14. f3 Nbd5 15. Ne4 Bf8 16. a4 a5 17. Nhf2 Be6 18. Bd2 Rad8 19. Nxf6+ Nxf6 20. Bxe6 Rxe6 21. Ne4 Nd5 22. Qe2 f5 23. Nc3 Rde8 24. Qf2 b6 25. Rfe1 Bc5 26. Qf1 Qd6 27. Re2 Nf6 28. Rae1 Kh7 29. Kh1 Nd5 30. Nd1 R8e7 31. Qg2 g6 32. Qh3 h5 33. Qh4 Re8 34. Nc3 Nxc3 35. Bxc3 Qd5 36. Kg2 Kg7 37. Qf4 Bd6 38. Qg5 Bb4 39. Qd2 Bxc3 40. Qxc3 Kf7 41. b4 Qd4 42. Qd2 Qxb4 43. Qh6 Qxa4 44. Qh7+ Kf6 45. f4 e4 46. dxe4 Rxe4 47. Rxe4 Rxe4 48. Qh8+ Ke6 49. Qe8+ Kd5 50. c4+ Qxc4 51. Rd1+ Kc5 52. Qf8+ Kb5 53. Rb1+ Ka4 54. Ra1+ Kb5 55. Rb1+ Ka4 56. Ra1+ Kb5 1/2-1/2

[Event "SVK-chT2B 1617"]
[Site "Slovakia"]
[Date "2016.11.06"]
[Round "4.3"]
[White "Dlhy, Jozef"]
[Black "Psota, Roman"]
[Result "1-0"]
[WhiteElo "2041"]
[BlackElo "2036"]
[PlyCount "177"]
[EventDate "2016.10.08"]
[EventType "team-tourn"]
[EventRounds "11"]
[EventCountry "SVK"]
[SourceTitle "CBM 175 Extra"]
[Source "ChessBase"]
[SourceDate "2016.12.12"]
[SourceVersion "1"]
[SourceVersionDate "2016.12.12"]
[SourceQuality "1"]
[WhiteTeam "Tlmace"]
[BlackTeam "Trencin"]
[WhiteTeamCountry "SVK"]
[BlackTeamCountry "SVK"]

1. d4 Nf6 2. Nf3 d5 3. Bg5 e6 4. e3 Be7 5. Nbd2 Nbd7 6. Bd3 h6 7. Bh4 c5 8. c3 0-0 9. 0-0 Re8 10. Ne5 Nxe5 11. dxe5 Nd7 12. Bxe7 Qxe7 13. f4 f5 14. exf6 Qxf6 15. e4 c4 16. e5 Qf7 17. Bc2 Nc5 18. Qg4 Rf8 19. Bg6 Qc7 20. Nf3 Nd3 21. Bxd3 cxd3 22. Nd4 Bd7 23. Rad1 Qb6 24. Rf2 Qa6 25. a3 Rae8 26. Qg6 Re7 27. Qxd3 Qb6 28. Qg6 Be8 29. Qg4 Kh7 30. h4 Bg6 31. h5 Be4 32. Qe2 a6 33. Re1 Qd8 34. Qg4 Qe8 35. Re3 Bf5 36. Qh4 Kh8 37. Kh2 Be4 38. g4 Ref7 39. Qg3 Re7 40. Kh3 Ref7 41. Re1 Re7 42. Qe3 Ref7 43. Ne2 Qa4 44. Ng3 Rxf4 45. Nxe4 Qxe4 46. Rxf4 Qxe3+ 47. Rxe3 Rxf4 48. Kg3 Rf1 49. Rf3 Rb1 50. Rf8+ Kh7 51. Re8 Rxb2 52. Rxe6 Rb3 53. Rd6 Rxa3 54. Kf4 Rxc3 55. Kf5 Rc8 56. Ke6 Kg8 57. Kd7 Ra8 58. e6 b5 59. Rxd5 Ra7+ 60. Kd6 Kf8 61. Rc5 Ra8 62. Rc7 Rd8+ 63. Ke5 Rd1 64. Rf7+ Kg8 65. Ra7 Kf8 66. Ra8+ Ke7 67. Ra7+ Kf8 68. Ra8+ Ke7 69. Ra7+ Kf8 70. Rxa6 Re1+ 71. Kf5 Rf1+ 72. Ke5 Re1+ 73. Kd6 Rd1+ 74. Ke5 Re1+ 75. Kf5 Rf1+ 76. Kg6 Rf6+ 77. Kh7 b4 78. Ra8+ Ke7 79. Kxg7 Rxe6 80. Rb8 Re4 81. g5 Re5 82. Kxh6 Re6+ 83. g6 Kf6 84. Rxb4 Rc6 85. Rf4+ Ke7 86. Kh7 Rc5 87. h6 Ke6 88. g7 Rc7 89. Kh8 1-0

[Event "SVK-chT1W 1516"]
[Site "Slovakia"]
[Date "2015.11.14"]
[Round "3.8"]
[White "Dlhy, Jozef"]
[Black "Tomko, Michal"]
[Result "1-0"]
[WhiteElo "2059"]
[BlackElo "1634"]
[PlyCount "123"]
[EventDate "2015.10.24"]
[EventType "team-tourn"]
[EventRounds "11"]
[EventCountry "SVK"]
[SourceTitle "CBM 170 Extra"]
[Source "ChessBase"]
[SourceDate "2016.02.25"]
[SourceVersion "1"]
[SourceVersionDate "2016.02.25"]
[SourceQuality "1"]
[WhiteTeam "Nitra"]
[BlackTeam "Dubnica nad Vahom"]
[WhiteTeamCountry "SVK"]
[BlackTeamCountry "SVK"]

1. d4 Nf6 2. c4 d5 3. cxd5 e6 4. dxe6 Bxe6 5. Nc3 Bb4 6. Nf3 0-0 7. g3 Nc6 8. Bg2 Ne4 9. Bd2 Nxd2 10. Qxd2 Re8 11. 0-0 Bc4 12. Rfe1 Rb8 13. e4 Ne7 14. a3 Ba5 15. b4 Bb6 16. Na4 c6 17. Nxb6 Qxb6 18. Bh3 Ng6 19. Re3 Rbd8 20. Qc3 Be6 21. Bxe6 Rxe6 22. Qc5 h6 23. Kg2 Red6 24. Qc3 R6d7 25. Rd1 Kf8 26. Red3 Kg8 27. Qc4 Kf8 28. h4 f6 29. h5 Nh8 30. Nh4 a5 31. Qc5+ Qxc5 32. bxc5 Nf7 33. f4 Ke8 34. Kf3 Nh8 35. a4 Kf7 36. Nf5 g6 37. hxg6+ Kxg6 38. Rb3 Nf7 39. Rdb1 Rb8 40. Rb6 Nd8 41. Ke3 Rh7 42. Ra6 h5 43. Rxa5 Ne6 44. Ra7 Rd7 45. a5 Nc7 46. a6 Nb5 47. Rxb7 Rbxb7 48. axb7 Rxb7 49. Ra1 Nc7 50. Ne7+ Kh6 51. Nxc6 Rb3+ 52. Kd2 Rxg3 53. d5 h4 54. Nd4 Rg2+ 55. Ke3 Rg3+ 56. Kf2 Rd3 57. d6 Rd2+ 58. Kg1 h3 59. dxc7 Rg2+ 60. Kh1 Rg8 61. Nf5+ Kh5 62. Ne7 1-0

[Event "SVK-chT2B 1516"]
[Site "Slovakia"]
[Date "2015.11.08"]
[Round "4.6"]
[White "Gombar, Peter"]
[Black "Dlhy, Jozef"]
[Result "1-0"]
[WhiteElo "1989"]
[BlackElo "2059"]
[PlyCount "37"]
[EventDate "2015.10.17"]
[EventType "team-tourn"]
[EventRounds "11"]
[EventCountry "SVK"]
[SourceTitle "EXT 2019"]
[Source "ChessBase"]
[SourceDate "2018.10.10"]
[SourceVersion "1"]
[SourceVersionDate "2018.10.10"]
[SourceQuality "1"]
[WhiteTeam "Povazska Bystrica SKS II"]
[BlackTeam "Tlmace NSK"]
[WhiteTeamCountry "SVK"]
[BlackTeamCountry "SVK"]

1. e4 c6 2. d4 d5 3. Nc3 dxe4 4. Nxe4 Nd7 5. Nf3 Ngf6 6. Ng3 e6 7. Bd3 c5 8. 0-0 Be7 9. b3 0-0 10. Bb2 b6 11. c4 Bb7 12. Qe2 Bxf3 13. Qxf3 cxd4 14. Bxd4 Nc5 15. Rad1 Nxd3 16. Rxd3 Qc7 17. Nh5 Nxh5 18. Qxh5 g6 19. Qxh7+ 1-0

[Event "SVK-chT2B 1415"]
[Site "Slovakia"]
[Date "2015.03.07"]
[Round "10.2"]
[White "Dlhy, Jozef"]
[Black "Mojzis, Marcel"]
[Result "1/2-1/2"]
[WhiteElo "2075"]
[BlackElo "2183"]
[PlyCount "48"]
[EventDate "2014.10.11"]
[EventType "team-tourn"]
[EventRounds "11"]
[EventCountry "SVK"]
[SourceTitle "EXT 2019"]
[Source "ChessBase"]
[SourceDate "2018.10.10"]
[SourceVersion "1"]
[SourceVersionDate "2018.10.10"]
[SourceQuality "1"]
[WhiteTeam "Nitra NSK II"]
[BlackTeam "Tlmace SK"]
[WhiteTeamCountry "SVK"]
[BlackTeamCountry "SVK"]

1. d4 g6 2. e4 Bg7 3. c4 c5 4. Nf3 d6 5. d5 Bg4 6. Be2 Nd7 7. 0-0 Qb6 8. Qc2 e6 9. Nc3 Ne7 10. dxe6 Bxe6 11. Bf4 0-0 12. Rad1 Ne5 13. Nxe5 Bxe5 14. Be3 Nc6 15. Bd3 Nd4 16. Qd2 f5 17. f4 Bg7 18. b3 Rad8 19. Nd5 Bxd5 20. exd5 Rde8 21. Bf2 a5 22. Rfe1 Qd8 23. Rxe8 Rxe8 24. Re1 b6 1/2-1/2